The Man you cannot ignore: (Record no. 5338)

MARC details
000 -LEADER
fixed length control field 00510nam a22001577a 4500
003 - CONTROL NUMBER IDENTIFIER
control field GBCCL
005 - DATE AND TIME OF LATEST TRANSACTION
control field 20241126110539.0
008 - FIXED-LENGTH DATA ELEMENTS--GENERAL INFORMATION
fixed length control field 180315b ||||| |||| 00| 0 eng d
040 ## - CATALOGING SOURCE
Transcribing agency gbc
082 ## - DEWEY DECIMAL CLASSIFICATION NUMBER
Classification number 232.954
Item number MAN
245 ## - TITLE STATEMENT
Title The Man you cannot ignore:
Remainder of title The Life and Teachings of Jesus from Good News for Modern Man /
Statement of responsibility, etc. Illustrated by Ken Rice
260 ## - PUBLICATION, DISTRIBUTION, ETC.
Place of publication, distribution, etc. Singapore:
Name of publisher, distributor, etc. United Bible Societies,
Date of publication, distribution, etc. 1966
300 ## - PHYSICAL DESCRIPTION
Extent 111 p.;
Other physical details ill.,
Dimensions 18 cm.
650 ## - SUBJECT ADDED ENTRY--TOPICAL TERM
Topical term or geographic name entry element Jesus Christ
Form subdivision Life and Teaching
9 (RLIN) 9625
942 ## - ADDED ENTRY ELEMENTS (KOHA)
Source of classification or shelving scheme Dewey Decimal Classification
Koha item type Books
Holdings
Withdrawn status Lost status Source of classification or shelving scheme Damaged status Not for loan Home library Current Library Shelving location Date acquired Total checkouts Full call number Barcode Date last seen Copy number Price effective from Koha item type
    Dewey Decimal Classification     GRACE BIBLE COLLEGE GRACE BIBLE COLLEGE Theology 2018-03-15   232.954 MAN 000526 2025-05-01 c.1 2018-03-15 Books
© Grace Bible College Library 2025